00332nam a2200109Ia 4500008004100000082000800041100001700049245003600066942000600102952009900108999001500207240331s9999 xx 000 0 und d bJAN aMeyer,T. ed  0aJananayagthitkana Oru Valikatti cL 001040708LaWERCLbWERCLcSSCd2024-03-31l0o 323.334 JANp6800r2024-03-31w2024-03-31yL c5819d5819